000 00377nam a22001337a 4500
005 20140616134108.0
008 140616b xxu||||| |||| 00| 0 eng d
050 _aND2195.P218
_bH318
100 _aHarrison, Colin
_910994
245 _aSamuel Palmer
_cHarrison, Colin
260 _aOxford
_bThe University of Oxford
_c1997
300 _a80p.;
_c21cm.
942 _2lcc
_cMONOGRAPH
999 _c120757
_d120757